000 00565nam a2200181Ia 4500
008 090122s9999 xx 000 0 und d
082 _b11907
100 _aमहाडिक
_bकल्पना
245 _aचाफा बोलेना
260 _bकोमल
_c2006
300 _a104
501 _aप्रतिभा बुक डेपो / बि. नं. 44-27.7.07
600 _aमहाडिक
630 _aचाफा बोलेना
700 _aमहाडिक
730 _aचाफा बोलेना
942 _cBOOK
999 _c35984
_d35984